Music Quiz

Random Music Quiz

Guess The Beyoncé Lyrics Quiz Stats

 Plays Quiz not verified by Sporcle

Challenge
Share
Tweet
Embed
Score 0/298 Timer 10:00
0 Plays Today
Hint Answer % Correct
I
89.3%
I
89.3%
I
89.3%
I
89.3%
I
89.3%
I
89.3%
I
89.3%
I
89.3%
I
89.3%
I
89.3%
I
89.3%
I
89.3%
you
79.2%
you
79.2%
you
79.2%
you
79.2%
you
79.2%
you
79.2%
you
79.2%
you
79.2%
you
79.2%
you
79.2%
you
79.2%
you
79.2%
you
79.2%
you
79.2%
you
79.2%
you
79.2%
you
79.2%
you
79.2%
you
79.2%
you
79.2%
you
79.2%
You
79.2%
the
76.5%
the
76.5%
the
76.5%
the
76.5%
the
76.5%
the
76.5%
love
76.2%
love
76.2%
love
76.2%
love
76.2%
love
76.2%
love
76.2%
love
76.2%
love
76.2%
love
76.2%
love
76.2%
love
76.2%
love
76.2%
love
76.2%
a
75.9%
a
75.9%
a
75.9%
a
75.9%
a
75.9%
a
75.9%
me
66.4%
Me
66.4%
to
63.5%
to
63.5%
to
63.5%
to
63.5%
to
63.5%
to
63.5%
to
63.5%
and
58.3%
and
58.3%
be
58.3%
be
58.3%
and
58.3%
no
56%
No
56%
in
52.4%
in
52.4%
in
52.4%
in
52.4%
don't
52.1%
don't
52.1%
don't
52.1%
don't
52.1%
don't
52.1%
don't
52.1%
don't
52.1%
don't
52.1%
your
51.8%
your
51.8%
your
51.8%
up
51.1%
up
51.1%
that
51.1%
up
51.1%
Oh
51.1%
up
51.1%
up
51.1%
that
51.1%
that
51.1%
that
51.1%
Hint Answer % Correct
up
51.1%
that
51.1%
that
51.1%
my
50.8%
my
50.8%
se
50.8%
we
50.5%
so
50.5%
They
50.2%
They
50.2%
They
50.2%
They
50.2%
They
50.2%
They
50.2%
They
50.2%
they
50.2%
they
50.2%
like
49.2%
like
49.2%
like
49.2%
like
49.2%
like
49.2%
like
49.2%
like
49.2%
like
49.2%
like
49.2%
it
48.9%
it
48.9%
it
48.9%
it
48.9%
it
48.9%
What
47.9%
go
47.9%
Hold
46.6%
Hold
46.6%
Type 'chorus'Chorus
46.6%
hold
46.6%
Type 'chorus'Chorus
46.6%
girl
45%
down
44%
down
44%
down
44%
down
44%
down
44%
down
44%
Can't
43.6%
see
43.6%
for
43%
for
43%
for
43%
there
43%
for
43%
I'm
42.7%
I'm
42.7%
way
42%
crazy
42%
crazy
42%
crazy
42%
Know
41.7%
know
41.7%
know
41.7%
Slow
41.4%
Back
40.7%
other
40.4%
other
40.4%
this
40.1%
this
40.1%
this
40.1%
but
39.4%
But
39.4%
one
39.1%
all
39.1%
all
39.1%
man
38.8%
loves
38.8%
treat
38.1%
there's
37.5%
How
37.5%
There's
37.5%
or
37.1%
or
37.1%
Or
37.1%
or
37.1%
not
36.5%
too
36.2%
I'd
35.8%
right
35.5%
right
35.5%
come
34.9%
list
34.9%
feel
34.5%
ever
34.5%
feel
34.5%
ain't
33.9%
jealous
33.9%
jealous
33.9%
over
33.9%
over
33.9%
Step
33.6%
above
33.6%
Hint Answer % Correct
wicked
33.6%
did
33.6%
b*tch
33.6%
Something
33.2%
something
33.2%
looking
33.2%
lately
32.9%
lately
32.9%
rather
32.9%
call
32.6%
walked
32.6%
walked
32.6%
f*ck
32.2%
were
32.2%
What's
31.9%
wanna
31.6%
because
31.3%
being
31.3%
midnight
30.3%
lose
30.3%
worse
30.3%
comin'
30%
after
30%
perfect
30%
through
29%
head
29%
let
29%
sexy
28.7%
fun
28.3%
never
28.3%
had
28.3%
Never
28.3%
Never
28.3%
had
28.3%
secret
27.7%
pride
27.7%
Oh
27.7%
Especially
27.4%
worthless
27.4%
as
27%
kept
26.7%
kept
26.7%
smell
26.4%
maybe
26.4%
missing
26.1%
it's
26.1%
sing
25.7%
made
25.4%
made
25.4%
made
25.4%
good
25.4%
top
25.1%
out
24.8%
out
24.8%
make
24.8%
make
24.8%
Would
24.4%
from
24.1%
lie
24.1%
I'mma
23.8%
woman
23.8%
going
23.5%
waste
23.5%
name
23.1%
game
23.1%
always
22.5%
king
22.1%
car
22.1%
moment
21.8%
sheets
21.8%
shame
21.8%
baddest
21.5%
yourself
21.2%
each
21.2%
such
20.8%
ride
19.9%
used
19.9%
hide
19.9%
find
19.9%
keep
19.9%
imagine
19.5%
them
19.2%
y'all
19.2%
lovin'
19.2%
streets
18.9%
labeled
18.6%
Let's
17.6%
wood
16.9%
wood
16.9%
star
15%
movin'
14.7%
five
14.7%
Still
13%
mastered
12.1%
backseat
11.7%
tier
10.1%
wealth
9.1%
cage
7.8%

You're not logged in!

Compare scores with friends on all Sporcle quizzes.
Join for Free
OR
Log In

You Might Also Like...

Show Comments

Extras

Created Apr 27, 2016ReportFavoriteNominate
Tags:beyonce

Top Quizzes Today


Score Distribution

Your Account Isn't Verified!

In order to create a playlist on Sporcle, you need to verify the email address you used during registration. Go to your Sporcle Settings to finish the process.

Report this User

Report this user for behavior that violates our Community Guidelines.

Details: